| 000 | 01073nam a2200289 a 4500 | ||
|---|---|---|---|
| 999 |
_c1525 _d1525 |
||
| 007 | ta | ||
| 008 | 991014s1999 xxua g b 100 0 eng d | ||
| 020 | _a9280161016 | ||
| 040 |
_aKO _beng |
||
| 041 | 0 | _aeng | |
| 044 | _axxk | ||
| 082 | 0 | 4 |
_223 _a343.0962 _bIn821 |
| 111 | 2 |
_aInternational Convention for the Safety of Life at Sea. _d(1974 : _cLondon, England) |
|
| 245 | 1 | 0 |
_aSOLAS : _bInternational Convention for the Safety of Life at Sea, 1974 : resolutions of the 1997 SOLAS Conference relating to bulk carrier safety. |
| 246 | 3 | 0 | _aResolutions of the 1997 SOLAS Conference relating to bulk carrier safety |
| 260 |
_aLondon : _bInternational Maritime Organization, _c1999. |
||
| 300 |
_av, 63 p. : _bill. ; _c24 cm. |
||
| 500 | _a"Sales number: IMO-160E"--P. 4 of cover. | ||
| 504 | _aIncludes bibliographical references. | ||
| 650 | 0 |
_aBulk carrier cargo ships _xSafety regulations. |
|
| 650 | 0 |
_aTankers _xSafety regulations. |
|
| 710 | 2 | _aInternational Maritime Organization. | |
| 904 | _aRUDRA_R | ||
| 905 | _aR_RANJAN | ||
| 942 |
_2ddc _cBK |
||